| 000 | 00848cam a22002531 4500 | ||
|---|---|---|---|
| 001 | sa 67002074 | ||
| 003 | DLC | ||
| 005 | 20260227112328.0 | ||
| 008 | 870817s1965 ii s000 0 eng | ||
| 010 | _asa 67002074 | ||
| 025 | _aPL480:I-E-7318 | ||
| 035 | _a(OCoLC)16500346 | ||
| 040 |
_aDLC _cWaU _dDLC |
||
| 041 | 0 | _agoneng | |
| 050 | 0 | 0 |
_aPL4633 _b.B6 |
| 100 | 1 | _aBodhankar, Anantrao. | |
| 245 | 1 | 0 | _aGondi-English hand book. |
| 260 |
_aBombay, _bDirector, Govt. Print. and Stationery, Maharashtra State, _c1965. |
||
| 300 |
_a51 p. _c21 cm. |
||
| 500 | _aCover title. | ||
| 500 | _aAt head of title: Tribal Research Unit, Directorate of Social Welfare, Maharashtra State. | ||
| 650 | 0 |
_aEnglish language _xConversation and phrase books _xGondi. |
|
| 610 | 1 | 0 |
_aMaharashtra, India (State) _bSocial Welfare Department Tribal Research Unit. |
| 999 |
_c73025 _d73025 |
||